000 00485nmm a2200169Ia 4500
008 251105s9999||||xx |||||||||||||||||und||
020 _a9788471486332
041 _aspa
100 _aElorrieta Puente, Begoña
245 0 _aFuego amigo
264 _a[Madrid, España] :
_bElkar,
_c[Fecha de publicación no identificada]
300 _a264 páginas
490 _aNarrativa
650 _aSpanish narrative
856 _uhttps://public.digitaliapublishing.com/a/98821
942 _cCF
999 _c84833
_d84833